Modernes Vortrags-Album. piano 4händig / Bd. 1

Hlavní autor: Scharwenka, Xaver, 1850-1924
Jazyk: Nelze použít, není lingvistický obsah
Vydáno: Leipzig : Breitkopf & Härtel, 1916
Edice: Edition Breitkopf
Fyzický popis: 47 s.
Hudebniny Hudebniny
Uloženo v:
LEADER 00783ncm a22002292a 4500
001 000285339
003 CZ BrMZK
005 20121031082618.0
007 qu
008 980105s1916 gw f zxx d
040 |a BOA001  |b cze 
072 7 |a 786  |x Hudba pro klávesové nástroje  |2 Konspekt  |9 9 
100 1 |a Scharwenka, Xaver,  |d 1850-1924  |7 kup19960000087193  |4 cmp 
245 1 0 |a Modernes Vortrags-Album.  |n Bd. 1  |h [hudebnina] :  |b piano 4händig /  |c Xaver Scharwenka 
260 |a Leipzig :  |b Breitkopf & Härtel,  |c 1916 
300 |a 47 s. 
490 1 |a Edition Breitkopf ;  |v Nr. 4901 
830 0 |a Edition Breitkopf 
910 |a BOA001  |b Mus4-0539.892,1 
990 |a MU 
991 |b 201210 
996 6 |b 2619888154  |c Mus4-0539.892,1  |l MZK  |r Sklad / do 1 hodiny  |n 0  |p W  |w 000285339  |u 000010  |a 1  |e BOA001  |j MZK50  |s P